000
00265nam a2200109Ia 4500
008
200302s9999 xx 000 0 und d
100
_a
Werner Blaser
245
_a
Mies Van Der Rohe- Lakeshore Drive Apartments
260
_b
Birkhauser
260
_c
1999
300
_a
89
999
_c
4465
_d
4465